000 00851 am a2200229 a 4500
005 20240223122141.0
008 100622s1988||||ag # f |||| 001 0 spa d
020 _a9505061706
041 _aspa
092 _c344
_l51
_sMER
100 1 _aMera, Jorge Alberto.
_91197
245 _aPolítica de salud en la Argentina.
_bLa construcción del Seguro Nacional de Salud /
_cJorge Alberto Mera.
250 _a1a ed.
_bPrólogo de Aldo Neri.
260 _aBuenos Aires:
_bHachette;
_c1988.
300 _a189 p.
500 _aMera, J. (1988). Política de salud en la Argentina. La construcción del Seguro Nacional de Salud. (1a ed.). Buenos Aires : Hachette.
653 _aFormación y caracteristicas del sistema de salud
653 _aFormulación de la política de salud
653 _aSeguro Nacional de salud
930 _a1658
942 _2ddc
_cBK
999 _c389
_d389